Les films Disney par personnages secondaires (les humains) - Statistiques

Statistiques générales
  • Ce quiz a été pris 406 fois
  • Le résultat moyen est 12 sur 16
Statistiques - réponses
Par images Réponse % Correct
Mulan
99%
Aladdin
98%
Blanche Neige et les Sept Nains
98%
Lilo et Stitch
96%
Peter Pan
95%
Pocahontas
95%
La Petite Sirène
94%
La reine des neiges
94%
Vaiana, la Légende du Bout du Monde
94%
Alice au Pays des merveilles
92%
La Princesse et la Grenouille
92%
Cendrillon
91%
Dumbo
87%
Rebelle
86%
Tarzan
83%
Le Bossu de Notre Dame
81%
Encanto, la fantastique famille Madrigal
80%
Raiponce
79%
Frère des ours
74%
Les Aristochats
73%
Les aventures de Winnie l'Ourson
73%
Kuzco, l'empereur mégalo
72%
La Belle et la Bête
71%
Les 101 Dalmatiens
68%
Rox et Rouky
68%
La Belle au bois dormant
64%
Pinocchio
63%
Atlantide, l'empire perdu
58%
Les Aventures de Bernard et Bianca
58%
Taram et le Chaudron magique
56%
Volt, star malgré lui
54%
Raya et le Dernier Dragon
53%
Merlin l'enchanteur
51%
Bienvenue chez les Robinson
45%
Les Nouveaux Héros
43%
Oliver et Compagnie
34%
Aucun quiz correspondant
Distribution des résultats
% des personnes avec chaque résultat
Percentile par nombre de réponses
Votre historique - résultats
Vous n’avez pas pris ce quiz